Statistics for Noah Kahan - You're Gonna Go Far Lyrics

Click here to take the quiz!

General Stats

  • This quiz has been taken 163 times
    (135 since last reset)
  • The average score is 340 of 401

Answer Stats

Answer% Correct
far
99%
you
99%
You
99%
your
99%
Your
99%
a
97%
go
97%
be
96%
For
96%
for
96%
on
96%
the
96%
The
96%
You're
96%
all
94%
are
94%
at
94%
I
94%
up
94%
ain't
93%
car
93%
here
93%
pack
93%
So
93%
so
93%
Then
93%
We
93%
and
92%
And
92%
feel
92%
thing
92%
angry
91%
greatest
91%
hand
91%
heart
91%
love
91%
sing
91%
still
91%
to
91%
We'll
91%
we'll
91%
Well
91%
we've
91%
whatever
91%
forever
90%
lost
90%
put
90%
will
90%
birds
89%
fight
88%
when
88%
where
88%
get
87%
It
87%
it
87%
gonna
85%
got
85%
folks
84%
is
84%
leaves
84%
Say
84%
waiting
84%
light
83%
Was
83%
was
83%
wherever
83%
me
82%
red
82%
die?
81%
die
81%
you'll
81%
as
80%
destination
80%
from
80%
getting
79%
in
79%
know
79%
oh
79%
Oh
79%
only
79%
or
79%
saw
79%
sound
79%
strong
79%
they?
79%
time
79%
college
78%
creak
78%
good
78%
least
78%
make
78%
paint
78%
smile
78%
spray
78%
takes
78%
"This
78%
This
78%
this
78%
hard
76%
kids
76%
makes
76%
things
76%
young
76%
land
75%
praying
75%
mind
74%
Who
74%
who
74%
yard
74%
tired
72%
while
72%
grammar
71%
it's
71%
of
71%
clean
70%
correcting
70%
deadline
70%
nightfall
70%
shit
70%
boys
69%
frat
69%
after
67%
driving
67%
conversation
66%
gave
66%
just
66%
even
65%
fine"
65%
quiet
65%
They're
65%
fault
64%
lies
64%
normal
64%
their
64%
boards
63%
If
63%
babe
62%
calculations
62%
with
62%
Making
61%
always
60%
brights
60%
livin'
60%
by
58%
drunk
58%
had
58%
hell
57%
likes
57%
down
56%
gotta
56%
shut
56%
Yes
56%
foot
55%
outside
55%
step
55%
survival
55%
town
55%
about
54%
difference
53%
wanna
52%
would
52%
overdue
51%
That's
51%
long
49%
revival
49%
spent
49%
told
49%
own
46%
sure
46%
We're
46%
won't
46%
But
45%
volition
40%

Score Distribution

Percentile by Number Answered

Percent of People with Each Score

Your Score History

You have not taken this quiz since the last reset